Contribution à l'étude du peuplement des sédiments sablo-vaseux et vaseux intertidaux : compactés ou fixés par la végétation de la région de Tuléar (République malgache) ...

Bibliographic Details
Main Author: Dérijard, Raoul
Format: Book
Language:French
Published: [Paris,] : Éditions Cujas, 1966.
Series:Études malgaches ; 17.
Subjects:

MARC

Tag First Indicator Second Indicator Subfields
LEADER 00000cam a22000001 4500
001 in00001997705
005 20151031120615.0
008 850509s1966 fr a b 000 0 fre
010 |a  67097594  
015 |a F67-2491 
020 |c 10.00F 
035 |a (OCoLC)ocm02400345 
040 |a DLC/ICU  |c CGU  |d DLC  |d TXA  |d UtOrBLW 
043 |a f-mg--- 
049 |a TXAM 
050 0 0 |a QK495.M28  |b D4 
082 0 0 |a 583/.4 
090 |a QK495.M28  |b D4 1966 
100 1 |a Dérijard, Raoul. 
245 1 0 |a Contribution à l'étude du peuplement des sédiments sablo-vaseux et vaseux intertidaux :  |b compactés ou fixés par la végétation de la région de Tuléar (République malgache) ... 
264 1 |a [Paris,] :  |b Éditions Cujas,  |c 1966. 
300 |a 94 pages :  |b illustrations ;  |c 24 cm. 
336 |a text  |b txt  |2 rdacontent 
337 |a unmediated  |b n  |2 rdamedia 
338 |a volume  |b nc  |2 rdacarrier 
490 1 |a Université de Madagascar. Faculté des sciences et des techniques. Études malgaches,  |v 17 
500 |a Illustrated cover. 
504 |a Bibliography: pages [81]-83. 
650 0 |a Mangrove plants. 
650 0 |a Mangrove swamps. 
650 0 |a Mangrove forests. 
650 0 |a Plants  |z Madagascar  |z Tulear (Province) 
830 0 |a Études malgaches ;  |v 17. 
948 |a cataloged  |b h  |c 2004/10/1  |d c  |e jgreene  |f 12:28:28 pm 
994 |a E0  |b TXA 
999 |a MARS 
999 f f |s 7dc9cfe7-bbd2-3509-b789-0a74afd40b14  |i c648d33a-c35a-33b8-bed9-47da92953a8e  |t 0 
952 f f |p ric  |a Texas A&M University  |b Rellis Campus  |c Joint Library Facility  |d Remote Storage  |t 0  |e QK495.M28 D4 1966  |h Library of Congress classification  |i unmediated -- volume  |m A14831366305 
998 f f |a QK495.M28 D4 1966  |t 0  |l Remote Storage